| 000 | 00506nam a22001937a 4500 | ||
|---|---|---|---|
| 003 | OSt | ||
| 005 | 20140310182321.0 | ||
| 008 | 130920t xxu||||| |||| 00| 0 eng d | ||
| 020 | _a0755401336 | ||
| 050 |
_aPZ 8 _b.F275 2006 |
||
| 082 |
_aGS 398.21 _bT71ft 2007 |
||
| 245 | _aFavorite tales / | ||
| 260 |
_aChina : _bGrandreams Books, _c2006. |
||
| 300 |
_a93 p. : _bcol. ill. ; _c29 cm. |
||
| 440 |
_aA Treasury of _921140 |
||
| 650 |
_aFairy tales. _93114 |
||
| 942 |
_2lcc _cBK-GS |
||
| 999 |
_c11818 _d11818 |
||